| 000 | 00575nam a2200169 4500 | ||
|---|---|---|---|
| 008 | 041002s2002 ch chi | ||
| 020 | _a9576723388 :NT464 | ||
| 090 |
_aN8038 _bH36g |
||
| 100 | 1 | _aHe, Gongshang | |
| 245 | 1 | 0 |
_aGraphic Bible literature / _cGongshang He. |
| 260 |
_aTaipei : _bArt Books Publishing, _c2002. |
||
| 300 |
_a285 p. : _bcol. ill. |
||
| 490 | 1 |
_aBible and painting series; _v6 |
|
| 650 | 4 |
_aBible. N.T. _xIllustrations {ch}. |
|
| 650 | 4 |
_aBible. N.T. _xPictorial works {ch}. |
|
| 951 |
_pC-5531 _x00038883 _oCHN8038/H36g _j070613111434875 _d2000-12-21 _cCH |
||
| 999 |
_c22241 _d22241 |
||